| 000 | 00780nam a22002177a 4500 | ||
|---|---|---|---|
| 999 |
_c5426 _d5426 |
||
| 003 | OSt | ||
| 005 | 20250514125619.0 | ||
| 008 | 180305b xxu||||| |||| 00| 0 spa d | ||
| 020 | _a9786316622129 | ||
| 040 | _cPJ | ||
| 100 | _aMartínez Díaz, Guillermo A. | ||
| 245 | 1 | 0 |
_aAcción civil imprescriptible : _breparación de daños causados por delitos de lesa humanidad / _cGuillermo A. Díaz Martínez. |
| 260 |
_aSan Miguel de Tucumán : _bBibliotex, _c2024. |
||
| 300 |
_a410 p. _c23 cm. |
||
| 504 | _aCitas y notas bibliográficas a pie de página. | ||
| 650 | 0 |
_9614 _aDERECHOS HUMANOS |
|
| 650 | 0 |
_9331 _aDERECHO INTERNACIONAL PUBLICO |
|
| 650 | 0 |
_9653 _aDERECHO INTERNACIONAL PENAL |
|
| 650 | 0 |
_96334 _aCRÍMENES DE LESA HUMANIDAD |
|
| 942 |
_2udc _cLIB _h342.7 _iMAR |
||